<?xml version="1.0" encoding="UTF-8"?>
<collection xmlns="http://www.loc.gov/MARC21/slim">
 <record>
  <leader>01061nam a22001931  4500</leader>
  <controlfield tag="001">1/13084</controlfield>
  <controlfield tag="008">980611s1996    gr             000  gre d</controlfield>
  <datafield tag="020" ind1=" " ind2=" ">
   <subfield code="a">9607344642</subfield>
  </datafield>
  <datafield tag="035" ind1=" " ind2=" ">
   <subfield code="l">13534</subfield>
  </datafield>
  <datafield tag="040" ind1=" " ind2=" ">
   <subfield code="a">GR-PeUP</subfield>
  </datafield>
  <datafield tag="082" ind1="0" ind2="0">
   <subfield code="a">387.51 ΧΟ</subfield>
  </datafield>
  <datafield tag="100" ind1="1" ind2=" ">
   <subfield code="a">Χουμανίδης, Λάζαρος Θ.,</subfield>
   <subfield code="d">1921-</subfield>
  </datafield>
  <datafield tag="245" ind1="1" ind2="0">
   <subfield code="a">Συνοπτική θεώρησις της εξελίξεως της Ελληνικής Εμπορικής Ναυτιλίας από αρχαιοτάτων χρόνων μέχρι σήμερα:</subfield>
   <subfield code="b">Γεγονότα και προβλήματα/</subfield>
   <subfield code="c">Λαζάρου Θ. Χουμανίδης, Κωνσταντίνου Α. Ζώη.</subfield>
  </datafield>
  <datafield tag="260" ind1=" " ind2=" ">
   <subfield code="a">Αθήνα:</subfield>
   <subfield code="b">Σύνχρονη Εκδοτική,</subfield>
   <subfield code="c">1996.</subfield>
  </datafield>
  <datafield tag="300" ind1=" " ind2=" ">
   <subfield code="a">421σ.:</subfield>
   <subfield code="b">πιν.,εικ.;</subfield>
   <subfield code="c">24εκ.</subfield>
  </datafield>
  <datafield tag="650" ind1=" " ind2="4">
   <subfield code="a">Εμπορική ναυτιλία.</subfield>
  </datafield>
  <datafield tag="700" ind1="1" ind2=" ">
   <subfield code="a">Κωνσταντίνου, Ζωή Α.</subfield>
  </datafield>
  <datafield tag="852" ind1=" " ind2=" ">
   <subfield code="a">INST</subfield>
   <subfield code="b">UNIPILB</subfield>
   <subfield code="c">MAIN</subfield>
   <subfield code="e">20040709</subfield>
   <subfield code="h">387.51 ΧΟ</subfield>
   <subfield code="p">00128973</subfield>
   <subfield code="q">00128973</subfield>
   <subfield code="t">LOAN</subfield>
   <subfield code="y">0</subfield>
   <subfield code="4">1</subfield>
  </datafield>
  <datafield tag="852" ind1=" " ind2=" ">
   <subfield code="a">INST</subfield>
   <subfield code="b">UNIPILB</subfield>
   <subfield code="c">MAIN</subfield>
   <subfield code="e">20040709</subfield>
   <subfield code="h">387.51 ΧΟ</subfield>
   <subfield code="p">00139833</subfield>
   <subfield code="q">00139833</subfield>
   <subfield code="t">LOAN</subfield>
   <subfield code="y">0</subfield>
   <subfield code="4">2</subfield>
  </datafield>
 </record>
</collection>
